000 00446nam a2200181Ia 4500
001 1023
005 20260306140601.0
008 260306t1996||||xx |||||||||||||| ||spa||
041 _aESP
082 _a180
_bC77 T. 8
100 _aCopleston, Frederick
_eAUT
245 0 _aHistoria de la filosofía:
_bde Bentham a Russell
260 _c1996
300 _a556 páginas :
_c22 cm.
650 _aGEN
654 _aCHU
942 _cLIB
_dJUS
_fJUS
_2ddc
_n
999 _c1023
_d1023